| 000 | 00440nam a2200181Ia 4500 | ||
|---|---|---|---|
| 001 | 16514 | ||
| 005 | 20260306170315.0 | ||
| 008 | 260306t2007||||xx |||||||||||||| ||und|| | ||
| 041 | _aESP | ||
| 082 |
_a348.6 _bR41 |
||
| 100 |
_aRendón Vásquez, Jorge _eAUT |
||
| 245 | 0 |
_aDerecho del trabajo: _bteoría general I |
|
| 260 | _c2007 | ||
| 300 |
_a000 páginas : _c00 cm. |
||
| 650 | _aGEN | ||
| 654 | _aCDE | ||
| 942 |
_cLIB _dJUS _fJUS _2ddc _n |
||
| 999 |
_c16514 _d16514 |
||